5HLuxD.jpg

KING HENRY VIII SENIOR AND PRIMARY SCHOOL LIBRARY OPAC

Cambridge IGCSE™ Malay as a First Language Teacher's Guide / (Record no. 3111)

000 -LEADER
fixed length control field 01250nam a22002657a 4500
003 - CONTROL NUMBER IDENTIFIER
control field OSt
005 - DATE AND TIME OF LATEST TRANSACTION
control field 20231013091224.0
008 - FIXED-LENGTH DATA ELEMENTS--GENERAL INFORMATION
fixed length control field 231013b ||||| |||| 00| 0 eng d
020 ## - INTERNATIONAL STANDARD BOOK NUMBER
International Standard Book Number 9780008311063
040 ## - CATALOGING SOURCE
Transcribing agency KH8
082 ## - DEWEY DECIMAL CLASSIFICATION NUMBER
Classification number 400 AZF
100 ## - MAIN ENTRY--PERSONAL NAME
Personal name Azfa Ilyana Bt Ishak,
Relator term author.
245 ## - TITLE STATEMENT
Title Cambridge IGCSE™ Malay as a First Language Teacher's Guide /
Statement of responsibility, etc. Azfa Ilyana Bt Ishak and Zuraimah Bt Mohamad, Series edited by Dahlia Janan
250 ## - EDITION STATEMENT
Edition statement Collins Cambridge IGCSE™
260 ## - PUBLICATION, DISTRIBUTION, ETC.
Place of publication, distribution, etc. UK:
Name of publisher, distributor, etc. Collins ;
Date of publication, distribution, etc. 2019.
300 ## - PHYSICAL DESCRIPTION
Extent 176 pages :
Dimensions 7.5 x 0.4 x 10.5 inches.
440 ## - SERIES STATEMENT/ADDED ENTRY--TITLE
Title Collins Cambridge IGCSE™
520 ## - SUMMARY, ETC.
Summary, etc. The Teacher’s Guide is written to accompany the Student’s Book, providing comprehensive support to teachers as they plan and deliver lessons in Malay as a First Language. Following the structure of the Student’s Book, it includes guidance on how to teach Malay as a First Language, help with lesson plans, suggestions for support and extension activities, as well as answer keys and example answers.
650 ## - SUBJECT ADDED ENTRY--TOPICAL TERM
Topical term or geographic name entry element Malay grammar
650 ## - SUBJECT ADDED ENTRY--TOPICAL TERM
Topical term or geographic name entry element Foreign language
700 ## - ADDED ENTRY--PERSONAL NAME
Personal name Zuraimah Bt Mohamad,
Relator term author.
700 ## - ADDED ENTRY--PERSONAL NAME
Personal name Dahlia Janan,
Relator term series editor.
830 ## - SERIES ADDED ENTRY--UNIFORM TITLE
Uniform title Collins Cambridge IGCSE™
942 ## - ADDED ENTRY ELEMENTS (KOHA)
Source of classification or shelving scheme
Koha item type Visual Materials
Holdings
Withdrawn status Lost status Source of classification or shelving scheme Damaged status Not for loan Collection code Permanent Location Current Location Shelving location Date acquired Total Checkouts Full call number Barcode Date due Date last seen Date last checked out Price effective from Koha item type
          Teaching Resources KH8 Senior School Library KH8 Senior School Library Staff Office 2023-10-13 3 400 AZF TRKHSL003943 2026-07-03 2025-12-16 2025-12-16 2023-10-13 Teaching Resources

Powered By KH8 IT Dept